Get ready to write: a beginning writing text (Record no. 30476)

MARC details
000 -LEADER
fixed length control field 00584nam a2200181Ia 4500
020 ## - INTERNATIONAL STANDARD BOOK NUMBER
ISBN 0131946358
050 ## - CALL MARK
Classification number PE 1128 .B5865/
100 ## - STATEMENT OF RESPONSIBILITY--MAIN AUTHOR NAME
Personal name Blanchard, Karen
245 #0 - TITLE STATEMENT
Title Get ready to write: a beginning writing text
260 ## - PUBLICATION, DISTRIBUTION, ETC. (IMPRINT)
Place of publication New york
260 ## - PUBLICATION, DISTRIBUTION, ETC. (IMPRINT)
Name of publisher Pearson Education Inc.
260 ## - PUBLICATION, DISTRIBUTION, ETC. (IMPRINT)
Year of publication 2006
300 ## - PHYSICAL DESCRIPTION
Number of Pages 124 p
650 ## - SUBJECT ADDED ENTRY--TOPICAL TERM
Topical Term English language --Textbooks for foreign speakers. English language --Rhetoric --Problems, exercises, etc. Report writing --Problems, exercises, etc.
942 ## - ADDED ENTRY ELEMENTS (KOHA)
Koha item type Books
Holdings
Withdrawn status Lost status Source of classification or shelving scheme Damaged status Not for loan Permanent Location Current Location Date acquired Accession Number Price effective from Koha item type
    Library of Congress Classification     NILE UNIVERSITY OF NIGERIA - MAIN LIBRARY NILE UNIVERSITY OF NIGERIA - MAIN LIBRARY 04/23/2025 0005325 04/23/2025 Books